000 00597nam a2200193 i 4500
001 44955
003 ES-MaACL
005 20230906161127.0
007 t|
008 030324s1915 ag ||||1| spa d
245 0 0 _aCódigo de procedimiento penal
_b: sancionado en enero 13 de 1915.
250 _aEd. oficial.
260 _aLa Plata :
_b[s.n.],
_c1915 (
_fTaller de impresiones oficiales)
300 _a142 p. ;
_c27 cm.
500 _aPrecede al tít.: Provincia de Buenos Aires.
710 _aBuenos Aires (Argentina, Provincia)
_9200700
852 _aES-MaACL
_jG-6019
999 _c44955
_d44955